000 00198 a2200097 4500
001 7976
100 _aDegarille, C
245 _aThe edge of the sword
260 _a
_bFaber
_c
090 _c6386
_d6386
942 _aNUST-CAE
_cM
_c32918
999 _c243049
_d243049